[Event "O Pohár mìsta Øíèany 2014 - OPEN A"]
[Site "Øíèany"]
[Date "2014.08.24"]
[Round "3.36"]
[White "Hadrava, Jaroslav"]
[Black "Pivonka, Michael"]
[Result "1-0"]
[WhiteElo "1918"]
[BlackElo "1612"]
[PlyCount "63"]
[EventDate "2014.??.??"]

1. e4 c5 2. Nf3 e6 3. c3 Nf6 4. e5 Nd5 5. Bc4 Nb6 6. Bb3 Nc6 7. O-O d5 8. d4
cxd4 9. cxd4 Be7 10. Nc3 O-O 11. Bc2 g6 12. Bh6 Re8 13. Ne2 Nc4 14. Qc1 Qb6 15.
Bb3 N4a5 16. Qe3 Nxb3 17. axb3 Bd7 18. h4 Rec8 19. h5 Nb4 20. Qf4 Nd3 21. Qg4
Rc2 22. Ng3 Bf8 23. Bxf8 Rxf8 24. hxg6 fxg6 25. Nh5 Kh8 26. Nf6 Be8 27. Ng5 h5
28. Qd1 Nb4 29. Ngh7 Rf7 30. Ng5 Re7 31. Qf3 Qd8 32. Nxh5 1-0

[Event "O Pohár mìsta Øíèany 2014 - OPEN A"]
[Site "Øíèany"]
[Date "2014.08.24"]
[Round "3.37"]
[White "Havelka, Petr"]
[Black "Lhotsky, Zdenek Ml."]
[Result "1-0"]
[WhiteElo "1882"]
[BlackElo "1601"]
[PlyCount "67"]
[EventDate "2014.??.??"]

1. d4 Nf6 2. c4 g6 3. Nc3 Bg7 4. e4 d6 5. Nf3 O-O 6. Be2 e5 7. d5 a5 8. O-O Na6
9. h3 Nd7 10. Bg5 Qe8 11. Qd2 Ndc5 12. Bh6 f5 13. Bxg7 Kxg7 14. exf5 Bxf5 15.
Nh4 Qe7 16. Nxf5+ Rxf5 17. Bg4 Rf4 18. b3 Nb4 19. Rae1 Qg5 20. Nb1 Raf8 21. g3
h5 22. gxf4 Rxf4 23. f3 hxg4 24. fxg4 Nbd3 25. Rxf4 Nxf4 26. Kh2 Qh4 27. Qe3
Nxh3 28. Qg3 Qf6 29. Kxh3 Ne4 30. Rxe4 Qf1+ 31. Qg2 Qd3+ 32. Kh2 Qxb1 33. Re2
Qc1 34. Qf3 1-0

[Event "O Pohár mìsta Øíèany 2014 - OPEN A"]
[Site "Øíèany"]
[Date "2014.08.24"]
[Round "3.38"]
[White "Sochor, Martin"]
[Black "Zabehlicky, Jiri"]
[Result "1-0"]
[WhiteElo "1867"]
[BlackElo "1585"]
[PlyCount "63"]
[EventDate "2014.??.??"]

1. d4 Nf6 2. Nf3 g6 3. c4 Bg7 4. g3 d6 5. Bg2 O-O 6. O-O Nbd7 7. Nc3 c5 8. e3
Rb8 9. a4 b6 10. Qe2 Bb7 11. Rd1 Qc8 12. d5 a6 13. h3 Ne8 14. e4 Ne5 15. Kh2
Nxf3+ 16. Bxf3 Qd7 17. Bg4 Qd8 18. f4 Bc8 19. Bxc8 Qxc8 20. e5 dxe5 21. fxe5
Qf5 22. Re1 Rb7 23. g4 Qd7 24. Bf4 f6 25. e6 Qd8 26. Bg3 Nd6 27. Ne4 Nxe4 28.
Qxe4 f5 29. gxf5 gxf5 30. Qh4 Bf6 31. Rg1 Bxh4 32. Be5+ 1-0

[Event "O Pohár mìsta Øíèany 2014 - OPEN A"]
[Site "Øíèany"]
[Date "2014.08.24"]
[Round "3.39"]
[White "Helebrand, Frantisek"]
[Black "Konvalinka, Vladislav"]
[Result "1/2-1/2"]
[WhiteElo "1546"]
[BlackElo "1806"]
[PlyCount "49"]
[EventDate "2014.??.??"]

1. d4 d5 2. c4 Nc6 3. Nf3 Bg4 4. e3 e6 5. Nc3 Bb4 6. Bd2 Nf6 7. a3 Bxc3 8. Bxc3
Ne4 9. h3 Nxc3 10. bxc3 Bf5 11. cxd5 Qxd5 12. Be2 Qa5 13. Qb3 O-O 14. O-O Rab8
15. c4 Ne7 16. Ne5 Rfd8 17. c5 b5 18. a4 b4 19. Bb5 c6 20. Bxc6 Qc7 21. Bf3 a5
22. Rfd1 Bg6 23. Rac1 Nd5 24. Rd2 Rbc8 25. Nc4 1/2-1/2

[Event "O Pohár mìsta Øíèany 2014 - OPEN A"]
[Site "Øíèany"]
[Date "2014.08.24"]
[Round "3.40"]
[White "Palla, Ivan"]
[Black "Prochazka, Petr"]
[Result "1/2-1/2"]
[WhiteElo "1536"]
[BlackElo "1841"]
[PlyCount "23"]
[EventDate "2014.??.??"]

1. Nf3 d5 2. d4 Nc6 3. g3 Bg4 4. Bg2 Qd7 5. O-O Bh3 6. Nc3 Bxg2 7. Kxg2 O-O-O
8. a3 b6 9. b4 g5 10. Qd3 Nh6 11. Rd1 e6 12. e4 {Dale necitelne.} 1/2-1/2

[Event "O Pohár mìsta Øíèany 2014 - OPEN A"]
[Site "Øíèany"]
[Date "2014.08.24"]
[Round "3.41"]
[White "Chajda, Patrik"]
[Black "Lacha, Jan"]
[Result "1/2-1/2"]
[WhiteElo "1335"]
[BlackElo "1827"]
[PlyCount "23"]
[EventDate "2014.??.??"]

1. Nf3 e6 2. d4 d5 3. Bf4 c6 4. e3 Bd6 5. Bxd6 Qxd6 6. Nbd2 f5 7. Ne5 Nf6 8. c3
Nbd7 9. Ndf3 Ne4 10. Bd3 Qe7 11. O-O O-O 12. Rc1 1/2-1/2

[Event "O Pohár mìsta Øíèany 2014 - OPEN A"]
[Site "Øíèany"]
[Date "2014.08.24"]
[Round "3.42"]
[White "Benes, Karel"]
[Black "Chromovsky, Hynek"]
[Result "0-1"]
[WhiteElo "1669"]
[BlackElo "1815"]
[PlyCount "72"]
[EventDate "2014.??.??"]

1. e4 c5 2. Nf3 e6 3. Nc3 Nc6 4. d4 cxd4 5. Nxd4 a6 6. Be3 Nge7 7. g4 g6 8. Qd2
Bg7 9. O-O-O d5 10. Kb1 Qa5 11. f3 O-O 12. h4 Nxd4 13. Bxd4 e5 14. Bf2 d4 15.
Nd5 Qd8 16. Nxe7+ Qxe7 17. g5 Be6 18. h5 Rfc8 19. Bd3 Rc6 20. f4 exf4 21. Qxf4
Rac8 22. e5 Bxe5 23. Qh4 Qc5 24. a3 Rb6 25. hxg6 hxg6 26. Rde1 Bg7 27. Re4 Qxa3
28. Kc1 Qxb2+ 29. Kd2 Rxc2+ 30. Bxc2 Qc3+ 31. Kd1 d3 32. Bxb6 Qxc2+ 33. Ke1 d2+
34. Kf2 d1=Q+ 35. Kg3 Qc3+ 36. Re3 Be5+ 0-1

[Event "O Pohár mìsta Øíèany 2014 - OPEN A"]
[Site "Øíèany"]
[Date "2014.08.24"]
[Round "3.43"]
[White "Aubrecht, Petr"]
[Black "Vystrcil, Martin"]
[Result "1/2-1/2"]
[WhiteElo "1539"]
[BlackElo "1803"]
[PlyCount "81"]
[EventDate "2014.??.??"]

1. e4 Nf6 2. e5 Nd5 3. d4 d6 4. Nf3 g6 5. Bc4 Nb6 6. Bb3 Bg7 7. O-O O-O 8. exd6
cxd6 9. c3 Bg4 10. h3 Bxf3 11. Qxf3 d5 12. Bf4 Nc6 13. Nd2 Rc8 14. Rfe1 e6 15.
Qe3 Ne7 16. Bc2 Nc4 17. Nxc4 Rxc4 18. Bh6 a6 19. Bxg7 Kxg7 20. h4 b5 21. h5 Nf5
22. Bxf5 gxf5 23. Qg3+ Kh6 24. Re3 Rg8 25. Qe5 Rc8 26. Rae1 Rg5 27. Rh3 Qh8 28.
Qd6 Qf6 29. Ree3 Rcg8 30. Qf4 Qd8 31. Rhg3 Qb8 32. Re5 Qd8 33. Ree3 Kxh5 34.
Qh4+ Kxh4 35. Rh3+ Kg4 36. Reg3+ Kf4 37. Rf3+ Kg4 38. Rfg3+ Kf4 39. Rf3+ Ke4
40. Re3+ Kf4 41. Ref3+ 1/2-1/2

[Event "O Pohár mìsta Øíèany 2014 - OPEN A"]
[Site "Øíèany"]
[Date "2014.08.24"]
[Round "3.44"]
[White "Zavurka, Vladimir"]
[Black "Zak, Jiri"]
[Result "1-0"]
[WhiteElo "1639"]
[BlackElo "1776"]
[PlyCount "61"]
[EventDate "2014.??.??"]

1. d4 d5 2. c4 c6 3. Nc3 Nf6 4. Nf3 e6 5. e3 Nbd7 6. a3 Bd6 7. Qc2 O-O 8. Bd3
Re8 9. O-O Qc7 10. c5 Be7 11. b4 a6 12. Bb2 g6 13. Ne2 Bf8 14. h3 Bg7 15. Ne5
Nxe5 16. dxe5 Nd7 17. f4 Rf8 18. Rf3 Re8 19. h4 Nf8 20. h5 Rb8 21. hxg6 fxg6
22. Kf2 Re7 23. Rh1 Bh8 24. Rfh3 Rg7 25. g4 Kf7 26. f5 g5 27. f6 Rg8 28. Bxh7
Nxh7 29. Rxh7+ Bg7 30. Rxg7+ Rxg7 31. Rh7 1-0

[Event "O Pohár mìsta Øíèany 2014 - OPEN A"]
[Site "Øíèany"]
[Date "2014.08.24"]
[Round "3.45"]
[White "Sadil, Jan"]
[Black "Vilimova, Julie"]
[Result "1-0"]
[WhiteElo "1722"]
[BlackElo "1635"]
[PlyCount "105"]
[EventDate "2014.??.??"]

1. d4 d5 2. c4 e6 3. cxd5 exd5 4. Nc3 Nf6 5. Bg5 Be7 6. Nf3 O-O 7. e3 Bf5 8.
Qb3 Nbd7 9. Nxd5 Nxd5 10. Qxd5 Bxg5 11. Qxf5 Bf6 12. Bd3 g6 13. Qb5 Nb6 14. O-O
Qd6 15. Rfc1 c6 16. Qc5 Qxc5 17. Rxc5 Na4 18. Rc2 Rfd8 19. b3 Nb6 20. Rac1 Nd5
21. Be4 Rd7 22. Nd2 Re8 23. Bf3 Nb4 24. Rc4 Be7 25. Ra1 Red8 26. a3 Nd5 27. Ne4
Nf6 28. Nc5 Bxc5 29. Rxc5 Rd6 30. Rac1 Nd7 31. R5c4 Nb6 32. R4c3 Nd5 33. Bxd5
Rxd5 34. Rc5 R5d6 35. b4 f5 36. g3 Rd5 37. Rxd5 Rxd5 38. Rc5 Kf7 39. Kf1 Ke6
40. Ke2 Kd6 41. Rxd5+ cxd5 42. a4 a6 43. Kf3 Ke6 44. g4 h6 45. Kg3 Kf6 46. h4
Ke6 47. gxf5+ Kxf5 48. f3 g5 49. hxg5 hxg5 50. Kh3 b6 51. Kg3 a5 52. bxa5 bxa5
53. Kh3 1-0

[Event "O Pohár mìsta Øíèany 2014 - OPEN A"]
[Site "Øíèany"]
[Date "2014.08.24"]
[Round "3.46"]
[White "Cabart, Pavel"]
[Black "Zlamana, Anna"]
[Result "0-1"]
[WhiteElo "1713"]
[BlackElo "1565"]
[PlyCount "32"]
[EventDate "2014.??.??"]

1. e4 e5 2. d4 exd4 3. Qxd4 Nc6 4. Qe3 Be7 5. Nc3 d6 6. Qg3 Bf6 7. Bd2 Nge7 8.
O-O-O O-O 9. f4 Ng6 10. Nf3 a5 11. Nd5 Nb4 12. Kb1 Nxd5 13. exd5 c6 14. dxc6
bxc6 15. Bd3 Qb6 16. Be1 Qxb2# 0-1

[Event "O Pohár mìsta Øíèany 2014 - OPEN A"]
[Site "Øíèany"]
[Date "2014.08.24"]
[Round "3.47"]
[White "Korsa, Jiri"]
[Black "Stankova, Zuzana"]
[Result "1-0"]
[WhiteElo "1695"]
[BlackElo "1511"]
[PlyCount "63"]
[EventDate "2014.??.??"]

1. e4 e5 2. Nf3 Nc6 3. Bc4 Nf6 4. d3 Be7 5. c3 O-O 6. O-O d6 7. Re1 Bg4 8. Nbd2
Qd7 9. b4 a6 10. Nf1 b5 11. Bd5 Nxd5 12. exd5 Nd8 13. Ne3 Bf6 14. Nxg4 Qxg4 15.
a4 c6 16. axb5 cxd5 17. Rxa6 Ne6 18. h3 Qg6 19. Rxd6 e4 20. Nd4 Nxd4 21. cxd4
Rfd8 22. Rxd8+ Rxd8 23. Qg4 Qxg4 24. hxg4 Bxd4 25. dxe4 Bc3 26. Rd1 Bxb4 27.
Rxd5 Rxd5 28. exd5 Bc5 29. Be3 Bd6 30. b6 Kf8 31. b7 Bb8 32. g3 1-0